[Event "FIN-chT1 West 1213"]
[Site "Finland"]
[Date "2012.11.18"]
[Round "4.1"]
[White "Salo, Tapio"]
[Black "Tolonen, Leo Toivovich"]
[Result "1-0"]
[WhiteElo "2281"]
[BlackElo "2200"]
[PlyCount "69"]
[EventDate "2012.09.29"]
[EventType "team-tourn"]
[EventRounds "7"]
[EventCountry "FIN"]
[SourceTitle "EXT 2019"]
[Source "ChessBase"]
[SourceDate "2018.10.10"]
[SourceVersion "1"]
[SourceVersionDate "2018.10.10"]
[SourceQuality "1"]
[WhiteTeam "Loimaa SK"]
[BlackTeam "Pori PSY"]
[WhiteTeamCountry "FIN"]
[BlackTeamCountry "FIN"]

1. c4 c5 2. g3 Nc6 3. Bg2 g6 4. Nc3 Bg7 5. Nf3 Nf6 6. d4 cxd4 7. Nxd4 0-0 8. 0-0 Ng4 9. e3 d6 10. b3 Bd7 11. Bb2 Nxd4 12. exd4 Rb8 13. Qd2 a6 14. b4 h5 15. h3 Nh6 16. Kh2 Nf5 17. Nd5 e6 18. Ne3 Bh6 19. f4 h4 20. Nxf5 gxf5 21. g4 fxg4 22. hxg4 f5 23. g5 Bg7 24. Rac1 Rc8 25. Bxb7 Rc7 26. Bg2 Kf7 27. d5 e5 28. c5 Bb5 29. Rfe1 e4 30. Bxg7 Kxg7 31. Qd4+ Kg8 32. Re3 Qe7 33. Rh3 Qg7 34. Qf2 Rd8 35. c6 1-0

[Event "FIN-chT 1112"]
[Site "Finland"]
[Date "2012.02.12"]
[Round "9.6"]
[White "Pihlajasalo, Hannu"]
[Black "Tolonen, Leo Toivovich"]
[Result "1/2-1/2"]
[WhiteElo "2271"]
[BlackElo "2267"]
[PlyCount "44"]
[EventDate "2011.09.17"]
[EventType "team-tourn"]
[EventRounds "11"]
[EventCountry "FIN"]
[SourceTitle "EXT 2013"]
[Source "ChessBase"]
[SourceDate "2012.11.22"]
[SourceVersion "1"]
[SourceVersionDate "2012.11.22"]
[SourceQuality "1"]
[WhiteTeam "Salo SK"]
[BlackTeam "Sastamala VammSK"]
[WhiteTeamCountry "FIN"]
[BlackTeamCountry "FIN"]

1. d4 Nf6 2. Nf3 e6 3. e3 b6 4. Bd3 Bb7 5. 0-0 Be7 6. c4 0-0 7. Nc3 d5 8. cxd5 exd5 9. b3 Nbd7 10. Bb2 Ne4 11. Rc1 Rc8 12. Ne5 f6 13. Nxd7 Qxd7 14. Qh5 g6 15. Qh6 f5 16. Qh3 Ng5 17. Qg3 Ne6 18. Ne2 Bd6 19. Qh4 Rce8 20. Kh1 Rf7 21. Ng1 Be7 22. Qg3 Bd6 1/2-1/2

[Event "FIN Team Cup"]
[Site "Finland"]
[Date "2011.04.02"]
[Round "1.4"]
[White "Tolonen, Leo Toivovich"]
[Black "Kytoniemi, Jyrki"]
[Result "0-1"]
[WhiteElo "2275"]
[BlackElo "2276"]
[PlyCount "94"]
[EventDate "2011.03.26"]
[EventType "team-k.o."]
[EventRounds "5"]
[EventCountry "FIN"]
[SourceTitle "EXT 2022"]
[Source "ChessBase"]
[SourceDate "2021.10.06"]
[SourceVersion "1"]
[SourceVersionDate "2021.10.06"]
[SourceQuality "1"]
[WhiteTeam "Vammala SK"]
[BlackTeam "Tampere Tammer"]
[WhiteTeamCountry "FIN"]
[BlackTeamCountry "FIN"]

1. Nf3 b5 2. e3 a6 3. d4 e6 4. b3 Bb7 5. c4 bxc4 6. bxc4 c5 7. Nc3 cxd4 8. exd4 Bb4 9. Bd2 Qa5 10. Rc1 Nf6 11. a3 Bxc3 12. Bxc3 Qxa3 13. Nd2 0-0 14. Bd3 Qd6 15. 0-0 Qc6 16. f3 d5 17. cxd5 Qxd5 18. Ne4 Nbd7 19. Qe2 Rfc8 20. Qf2 a5 21. Rb1 Ba6 22. Bxa6 Rxa6 23. Nc5 Raa8 24. Rb5 Qc4 25. Qb2 Nxc5 26. dxc5 Rxc5 27. Rxc5 Qxc5+ 28. Kh1 Ne8 29. Rc1 Qd5 30. h3 f6 31. Qc2 Qc4 32. Qd2 Qd5 33. Qc2 a4 34. Ra1 Qc6 35. Qb2 Nd6 36. Bxf6 gxf6 37. Rc1 a3 38. Qa1 Qxc1+ 39. Qxc1 a2 40. Qa1 Nc4 41. Kh2 Kf7 42. f4 Ne3 43. Qd4 Nf1+ 44. Kg1 a1Q 45. Qd7+ Kg6 46. Qxe6 Qd4+ 47. Kxf1 Qxf4+ 0-1

[Event "FIN-chT 1011"]
[Site "Finland"]
[Date "2011.03.12"]
[Round "8.7"]
[White "Tolonen, Leo Toivovich"]
[Black "Vihinen, Teemu"]
[Result "1/2-1/2"]
[WhiteElo "2302"]
[BlackElo "2127"]
[PlyCount "68"]
[EventDate "2010.09.18"]
[EventType "team-tourn"]
[EventRounds "9"]
[EventCountry "FIN"]
[SourceTitle "EXT 2012"]
[Source "ChessBase"]
[SourceDate "2011.11.24"]
[SourceVersion "1"]
[SourceVersionDate "2011.11.24"]
[SourceQuality "1"]
[WhiteTeam "Vammala SK"]
[BlackTeam "Etela Vantaan"]
[WhiteTeamCountry "FIN"]
[BlackTeamCountry "FIN"]

1. Nf3 e6 2. b3 f5 3. Bb2 Nf6 4. d3 Be7 5. Nbd2 d5 6. g3 0-0 7. Bg2 c6 8. 0-0 Ng4 9. e4 Bf6 10. e5 Be7 11. h3 Nh6 12. c4 b6 13. Qc2 Bb7 14. a3 a5 15. Rfd1 Na6 16. Nd4 Qd7 17. Ne2 Rac8 18. Nf4 Rfe8 19. Nf3 g6 20. Rac1 Nf7 21. Qe2 Bf8 22. Nd4 Bg7 23. cxd5 cxd5 24. Rxc8 Qxc8 25. Rc1 Qd7 26. Nf3 Rc8 27. Rxc8+ Bxc8 28. d4 Qc6 29. Bf1 Nc7 30. Qd1 Bf8 31. Qc1 Qxc1 32. Bxc1 Be7 33. h4 Kg7 34. Bd3 Bd7 1/2-1/2

[Event "FIN-chT 1011"]
[Site "Finland"]
[Date "2010.11.20"]
[Round "4.6"]
[White "Paakkonen, Timo"]
[Black "Tolonen, Leo Toivovich"]
[Result "1/2-1/2"]
[WhiteElo "2290"]
[BlackElo "2302"]
[PlyCount "25"]
[EventDate "2010.09.18"]
[EventType "team-tourn"]
[EventRounds "9"]
[EventCountry "FIN"]
[SourceTitle "EXT 2012"]
[Source "ChessBase"]
[SourceDate "2011.11.24"]
[SourceVersion "1"]
[SourceVersionDate "2011.11.24"]
[SourceQuality "1"]
[WhiteTeam "Velhot"]
[BlackTeam "Vammala SK"]
[WhiteTeamCountry "FIN"]
[BlackTeamCountry "FIN"]

1. c4 Nf6 2. g3 c5 3. Bg2 Nc6 4. Nf3 g6 5. 0-0 Bg7 6. d4 cxd4 7. Nxd4 0-0 8. Nc3 Ng4 9. Nb3 d6 10. c5 Be6 11. cxd6 exd6 12. Bf4 Nge5 13. Qc1 1/2-1/2

[Event "FIN-chT 1011"]
[Site "Finland"]
[Date "2010.11.06"]
[Round "3.7"]
[White "Ebeling, Daniel"]
[Black "Tolonen, Leo Toivovich"]
[Result "1/2-1/2"]
[WhiteElo "2019"]
[BlackElo "2302"]
[PlyCount "116"]
[EventDate "2010.09.18"]
[EventType "team-tourn"]
[EventRounds "9"]
[EventCountry "FIN"]
[SourceTitle "EXT 2012"]
[Source "ChessBase"]
[SourceDate "2011.11.24"]
[SourceVersion "1"]
[SourceVersionDate "2011.11.24"]
[SourceQuality "1"]
[WhiteTeam "Mat SK II"]
[BlackTeam "Vammala SK"]
[WhiteTeamCountry "FIN"]
[BlackTeamCountry "FIN"]

1. e4 e6 2. d3 d5 3. Nd2 Nf6 4. Ngf3 b6 5. c3 Be7 6. e5 Nfd7 7. d4 c5 8. Bb5 Ba6 9. a4 0-0 10. 0-0 Qc8 11. Qe2 Qb7 12. Re1 Bxb5 13. axb5 a6 14. Nf1 axb5 15. Rxa8 Qxa8 16. Qxb5 Qa6 17. Qxa6 Nxa6 18. Bd2 Ra8 19. Ra1 f6 20. Bf4 c4 21. N1d2 Nc7 22. Rxa8+ Nxa8 23. b4 cxb3 24. Nxb3 b5 25. Na5 Nab6 26. Nc6 Kf7 27. Na7 b4 28. cxb4 Bxb4 29. Nc6 Bc3 30. h4 Nc4 31. Kf1 Na5 32. Nxa5 Bxa5 33. exf6 gxf6 34. Ke2 Kg6 35. g4 h5 36. g5 Kf5 37. Be3 e5 38. gxf6 e4 39. Ng5 Nxf6 40. f3 exf3+ 41. Nxf3 Ne4 42. Ne5 Bd8 43. Bf2 Nxf2 44. Kxf2 Bxh4+ 45. Kf3 Bf6 46. Nc6 Ke6 47. Nb4 Bxd4 48. Nxd5 Kxd5 49. Kg2 Ke4 50. Kh3 Bf6 51. Kg3 Bg5 52. Kg2 h4 53. Kh3 Kf3 54. Kh2 Kg4 55. Kg2 Bf4 56. Kh1 Kg3 57. Kg1 h3 58. Kh1 Kf2 1/2-1/2

[Event "FIN-chT 1011"]
[Site "Finland"]
[Date "2010.09.18"]
[Round "1.7"]
[White "Lindqvist, Tor Erik"]
[Black "Tolonen, Leo Toivovich"]
[Result "1-0"]
[WhiteElo "2187"]
[BlackElo "2302"]
[PlyCount "151"]
[EventDate "2010.09.18"]
[EventType "team-tourn"]
[EventRounds "9"]
[EventCountry "FIN"]
[SourceTitle "EXT 2012"]
[Source "ChessBase"]
[SourceDate "2011.11.24"]
[SourceVersion "1"]
[SourceVersionDate "2011.11.24"]
[SourceQuality "1"]
[WhiteTeam "Sal SK"]
[BlackTeam "Vammala SK"]
[WhiteTeamCountry "FIN"]
[BlackTeamCountry "FIN"]

1. c4 c5 2. g3 g6 3. Bg2 Bg7 4. Nc3 Nc6 5. Nf3 e6 6. 0-0 Nge7 7. a3 0-0 8. Rb1 a5 9. e3 d5 10. cxd5 exd5 11. d4 cxd4 12. Nxd4 Nxd4 13. exd4 Bf5 14. Ra1 Qd7 15. Re1 Rfe8 16. Bg5 f6 17. Bf4 g5 18. Bd2 Bh3 19. Bf3 Rab8 20. Qb3 Be6 21. Qb6 Bf7 22. Qxa5 Qf5 23. Bg2 Qc2 24. Nb5 Nc6 25. Qc3 Rxe1+ 26. Rxe1 Qg6 27. Qb3 Rd8 28. Bb4 f5 29. Bc5 f4 30. Bb6 Rd7 31. Qa4 g4 32. Qa8+ Bf8 33. gxf4 Kg7 34. Bc7 Qd3 35. Qc8 Re7 36. Qxg4+ Bg6 37. Rxe7+ Bxe7 38. f5 Qxf5 39. Qxf5 Bxf5 40. Bxd5 Bf6 41. Nd6 Bd7 42. Nb5 Nxd4 43. Nxd4 Bxd4 44. b3 b5 45. Bd6 Kf6 46. Kg2 Be5 47. Bc5 Bf4 48. Be4 h5 49. Bf3 h4 50. h3 Ke5 51. Be7 Be6 52. Bd1 Bd5+ 53. f3 Kd4 54. Bxh4 Kd3 55. Be1 Bd2 56. Kf1 Kc3 57. Be2 Bxe1 58. Kxe1 Kxb3 59. Bxb5 Kxa3 60. f4 Kb4 61. Be2 Kc5 62. Kf2 Kd6 63. Kg3 Ke6 64. Bg4+ Kf6 65. Kf2 Be4 66. Ke3 Bc2 67. h4 Kg6 68. h5+ Kf6 69. Be2 Bb3 70. Bd3 Bf7 71. h6 Bg6 72. Bxg6 Kxg6 73. Ke4 Kxh6 74. Kf5 Kg7 75. Ke6 Kg8 76. Ke7 1-0

[Event "FIN-ch Seniors"]
[Site "Finland"]
[Date "2009.??.??"]
[Round "9"]
[White "Jarvinen, Seppo"]
[Black "Tolonen, Leo Toivovich"]
[Result "0-1"]
[WhiteElo "1935"]
[BlackElo "2358"]
[PlyCount "58"]
[EventDate "2009.06.??"]
[EventType "swiss"]
[EventRounds "9"]
[EventCountry "FIN"]
[SourceTitle "EXT 2011"]
[Source "ChessBase"]
[SourceDate "2010.11.26"]
[SourceVersion "1"]
[SourceVersionDate "2010.11.26"]
[SourceQuality "1"]

1. Nf3 Nf6 2. c4 e6 3. g3 b6 4. Bg2 Bb7 5. 0-0 c5 6. Nc3 Nc6 7. d4 Nxd4 8. Nxd4 Bxg2 9. Kxg2 cxd4 10. Qxd4 Be7 11. Bf4 d6 12. Qd3 0-0 13. Rad1 Qc8 14. b3 Rd8 15. Qf3 a6 16. Rd3 b5 17. cxb5 axb5 18. Nxb5 e5 19. Bxe5 dxe5 20. Rxd8+ Qxd8 21. a4 Rc8 22. Qb7 Qd5+ 23. Qxd5 Nxd5 24. Rd1 Nb4 25. Ra1 Nc2 26. Ra2 f5 27. a5 Ne1+ 28. Kf1 Rc1 29. e3 Nf3+ 0-1

[Event "FIN-ch Seniors"]
[Site "Finland"]
[Date "2009.??.??"]
[Round "5"]
[White "Tolonen, Leo Toivovich"]
[Black "Jaderholm, Bo"]
[Result "1-0"]
[WhiteElo "2358"]
[BlackElo "1898"]
[PlyCount "53"]
[EventDate "2009.06.??"]
[EventType "swiss"]
[EventRounds "9"]
[EventCountry "FIN"]
[SourceTitle "EXT 2011"]
[Source "ChessBase"]
[SourceDate "2010.11.26"]
[SourceVersion "1"]
[SourceVersionDate "2010.11.26"]
[SourceQuality "1"]

1. Nf3 d5 2. b3 g6 3. Bb2 Nf6 4. c4 dxc4 5. bxc4 Bg7 6. Nc3 0-0 7. g3 c6 8. Bg2 Be6 9. d3 Qc8 10. 0-0 Bh3 11. Rb1 Bxg2 12. Kxg2 c5 13. Qb3 b6 14. Nd5 Nxd5 15. cxd5 Nd7 16. Bxg7 Kxg7 17. e4 Qc7 18. Rfe1 Ne5 19. Qc3 f6 20. Nd4 Qd7 21. Ne6+ Kg8 22. Nxf8 Rxf8 23. f4 Nf7 24. h3 Nd6 25. Qb3 Kg7 26. g4 Nb5 27. Qxb5 1-0

[Event "FIN-ch Seniors"]
[Site "Finland"]
[Date "2009.??.??"]
[Round "3"]
[White "Tolonen, Leo Toivovich"]
[Black "Pursiainen, Erkki"]
[Result "1-0"]
[WhiteElo "2358"]
[BlackElo "1971"]
[PlyCount "72"]
[EventDate "2009.06.??"]
[EventType "swiss"]
[EventRounds "9"]
[EventCountry "FIN"]
[SourceTitle "EXT 2011"]
[Source "ChessBase"]
[SourceDate "2010.11.26"]
[SourceVersion "1"]
[SourceVersionDate "2010.11.26"]
[SourceQuality "1"]

1. Nf3 Nf6 2. b3 g6 3. Bb2 Bg7 4. c4 0-0 5. d4 c6 6. Nc3 d5 7. e3 Re8 8. Be2 Nbd7 9. 0-0 Ne4 10. cxd5 Nxc3 11. Bxc3 cxd5 12. Rc1 Nf6 13. Ne5 a6 14. f3 Nd7 15. Qd2 Nxe5 16. dxe5 b6 17. f4 Bb7 18. Bf3 e6 19. Bb4 Bf8 20. Rc2 Bxb4 21. Qxb4 b5 22. Rfc1 Qb6 23. Kf2 Rac8 24. h4 h5 25. a4 Rxc2+ 26. Rxc2 Rc8 27. Rxc8+ Bxc8 28. Qe7 Qc6 29. axb5 axb5 30. b4 Qc3 31. Be2 Qc6 32. Qc5 Bd7 33. Qxc6 Bxc6 34. Ke1 Kf8 35. Kd2 Ke7 36. Kc3 Be8 1-0

[Event "FIN-chT 0809"]
[Site "Finland"]
[Date "2008.10.05"]
[Round "4.4"]
[White "Molander, Riku"]
[Black "Tolonen, Leo Toivovich"]
[Result "1/2-1/2"]
[WhiteElo "2291"]
[BlackElo "2338"]
[PlyCount "79"]
[EventDate "2008.09.06"]
[EventType "team-tourn"]
[EventRounds "9"]
[EventCountry "FIN"]
[SourceTitle "EXT 2022"]
[Source "ChessBase"]
[SourceDate "2021.10.06"]
[SourceVersion "1"]
[SourceVersionDate "2021.10.06"]
[SourceQuality "1"]
[WhiteTeam "Helsinki Velhot"]
[BlackTeam "Vammala SK"]
[WhiteTeamCountry "FIN"]
[BlackTeamCountry "FIN"]

1. d4 c5 2. e4 cxd4 3. Nf3 g6 4. Nxd4 Bg7 5. Nc3 Nc6 6. Be3 d6 7. Qd2 Nf6 8. f3 Bd7 9. 0-0-0 Rc8 10. g4 Nxd4 11. Bxd4 Qa5 12. Kb1 Be6 13. h4 0-0 14. Nd5 Qd8 15. Nxf6+ exf6 16. h5 d5 17. Bd3 a6 18. hxg6 fxg6 19. Qh2 h6 20. Be3 dxe4 21. Bxe4 Qa5 22. a3 g5 23. Qd6 Rce8 24. Bb6 Qb5 25. Bd3 Bc4 26. Bf5 Qe5 27. Qb4 Qb5 28. Qd6 Re2 29. Qc7 Qc6 30. Qxc6 bxc6 31. Be4 Rb8 32. Bc7 Rxb2+ 33. Kxb2 f5+ 34. Kb1 fxe4 35. fxe4 Rxe4 36. Rd8+ Kh7 37. Rd7 Kg8 38. Rd8+ Kf7 39. Rd7+ Kg8 40. Rd8+ 1/2-1/2

[Event "Tampere We TammerSh 01"]
[Site "Tampere"]
[Date "2007.01.07"]
[Round "5"]
[White "Tolonen, Leo Toivovich"]
[Black "Saastamoinen, Aarne"]
[Result "1-0"]
[WhiteElo "2336"]
[BlackElo "2156"]
[PlyCount "67"]
[EventDate "2007.01.06"]
[EventType "swiss"]
[EventRounds "5"]
[EventCountry "FIN"]
[SourceTitle "EXT 2008"]
[Source "ChessBase"]
[SourceDate "2007.11.25"]
[SourceVersion "1"]
[SourceVersionDate "2007.11.25"]
[SourceQuality "1"]

1. Nf3 Nf6 2. b3 c5 3. e3 g6 4. Bb2 Bg7 5. d4 cxd4 6. exd4 0-0 7. Nbd2 d6 8. Be2 Re8 9. 0-0 Nc6 10. Nc4 Nh5 11. d5 Bxb2 12. Nxb2 Nb8 13. Nd4 Ng7 14. Nc4 Nd7 15. Qd2 Nf6 16. Bf3 Nf5 17. Nxf5 Bxf5 18. Rfe1 Rc8 19. a4 b6 20. h3 a6 21. Rac1 b5 22. axb5 axb5 23. Na5 Bd7 24. Re3 Qb6 25. b4 Rc7 26. Rce1 e5 27. dxe6 fxe6 28. Rd1 Rec8 29. c3 Ne8 30. Rde1 Kg7 31. Bg4 Nf6 32. Bxe6 Bxe6 33. Rxe6 Rxc3 34. Rxf6 1-0

[Event "Tampere We TammerSh"]
[Site "Tampere"]
[Date "2007.??.??"]
[Round "3"]
[White "Verkasalo, Tommi"]
[Black "Tolonen, Leo Toivovich"]
[Result "0-1"]
[WhiteElo "2109"]
[BlackElo "2333"]
[PlyCount "106"]
[EventDate "2007.09.??"]
[EventType "swiss"]
[EventRounds "5"]
[EventCountry "FIN"]
[SourceTitle "EXT 2010"]
[Source "ChessBase"]
[SourceDate "2010.11.25"]
[SourceVersion "1"]
[SourceVersionDate "2010.11.25"]
[SourceQuality "1"]

1. e4 e6 2. d4 d5 3. Nc3 Bb4 4. e5 Qd7 5. Qg4 f5 6. Qg3 Nc6 7. Nf3 b6 8. Bd2 Bb7 9. a3 Bxc3 10. Bxc3 Nh6 11. Be2 0-0 12. Bd2 Kh8 13. Bxh6 gxh6 14. Qf4 Qg7 15. 0-0-0 a5 16. h4 Rg8 17. Ne1 Ba6 18. Bxa6 Rxa6 19. Rh3 Ne7 20. Rg3 Qf8 21. Rxg8+ Kxg8 22. Rd3 c5 23. Rg3+ Kh8 24. h5 c4 25. Qh4 Ra7 26. Rf3 Ng8 27. g4 Qe7 28. Qxe7 Nxe7 29. Ng2 fxg4 30. Rf6 Nf5 31. c3 Kg8 32. Nf4 Ng7 33. Nxe6 Nxe6 34. Rxe6 Rf7 35. Kd1 Rxf2 36. Rxb6 g3 37. Ke1 Rf8 38. Rf6 Rxf6 39. exf6 Kf7 40. Kf1 Kxf6 41. Kg2 Kg5 42. Kxg3 Kxh5 43. Kf4 Kg6 44. Ke5 h5 45. Kxd5 Kf5 46. Kxc4 h4 47. b4 axb4 48. axb4 h3 49. Kc5 h2 50. c4 h1Q 51. b5 Ke6 52. d5+ Kd7 53. Kb6 Qe4 0-1

[Event "Tampere We TammerSh"]
[Site "Tampere"]
[Date "2006.??.??"]
[Round "1"]
[White "Mujunen, Martti"]
[Black "Tolonen, Leo Toivovich"]
[Result "0-1"]
[WhiteElo "2124"]
[BlackElo "2339"]
[PlyCount "92"]
[EventDate "2006.??.??"]
[EventType "swiss"]
[EventRounds "5"]
[EventCountry "FIN"]
[SourceTitle "EXT 2008"]
[Source "ChessBase"]
[SourceDate "2007.11.25"]
[SourceVersion "1"]
[SourceVersionDate "2007.11.25"]
[SourceQuality "1"]

1. e4 e6 2. d4 d5 3. Nc3 Bb4 4. exd5 exd5 5. Bd3 Nf6 6. Bg5 0-0 7. Nge2 c5 8. dxc5 Bxc5 9. 0-0 Be6 10. Qd2 Nbd7 11. Be3 Qc7 12. Bxc5 Nxc5 13. Ng3 Rac8 14. Nb5 Qb6 15. c3 Nxd3 16. Qxd3 d4 17. b3 dxc3 18. Nxc3 Rfd8 19. Qc2 h5 20. Rac1 h4 21. Nge4 Nxe4 22. Qxe4 h3 23. Rfe1 hxg2 24. Qxg2 Rd4 25. Ne4 Rxc1 26. Rxc1 Qd8 27. Ng3 Bd5 28. Qf1 Bc6 29. Qe1 Qd5 30. Rxc6 bxc6 31. Qe8+ Kh7 32. h3 g6 33. Qe7 a5 34. Qe3 c5 35. Qc3 a4 36. bxa4 Rxa4 37. a3 Rf4 38. Qc1 Qd4 39. Qe1 Rf3 40. Kg2 Rxa3 41. Qe7 Qd5+ 42. Kh2 Rf3 43. Ne4 Kg7 44. Kg2 Rf5 45. f3 Qd3 46. h4 Qxf3+ 0-1

[Event "Heinola We HeinSK op"]
[Site "Heinola"]
[Date "2006.??.??"]
[Round "2"]
[White "Tolonen, Leo Toivovich"]
[Black "Anttila, Perttu"]
[Result "1/2-1/2"]
[WhiteElo "2339"]
[BlackElo "2011"]
[PlyCount "114"]
[EventDate "2006.??.??"]
[EventType "swiss"]
[EventRounds "5"]
[EventCountry "FIN"]
[SourceTitle "EXT 2022"]
[Source "ChessBase"]
[SourceDate "2021.10.06"]
[SourceVersion "1"]
[SourceVersionDate "2021.10.06"]
[SourceQuality "1"]

1. Nf3 f5 2. b3 Nf6 3. Bb2 g6 4. d4 Bg7 5. Nbd2 d6 6. g3 0-0 7. Bg2 Nbd7 8. 0-0 c6 9. e4 Nxe4 10. Nxe4 fxe4 11. Ng5 Nf6 12. Nxe4 Bf5 13. Re1 Qd7 14. Qd2 h6 15. c4 Kh7 16. Re2 e6 17. f4 d5 18. Nc5 Qf7 19. Rae1 Rae8 20. h3 b6 21. Nd3 Ne4 22. Qe3 g5 23. fxg5 Nxg5 24. Nf2 Bg6 25. h4 Nf3+ 26. Bxf3 Qxf3 27. Qxf3 Rxf3 28. Kg2 Ref8 29. Nh3 Be4 30. Kh2 Kg6 31. Nf4+ Kf5 32. cxd5 exd5 33. Rc1 Kg4 34. Rxc6 Rf1 35. Rxe4 dxe4 36. Rg6+ Kf3 37. Rxg7 Rc8 38. Rf7 Rc2+ 39. Ng2+ Ke2 40. Nf4+ Kd1+ 41. Kh3 Rxb2 42. Re7 Rxa2 43. Rxe4 Re1 44. Rxe1+ Kxe1 45. g4 Kf2 46. g5 hxg5 47. hxg5 Ke3 48. g6 Kxf4 49. g7 Ra5 50. g8Q Rh5+ 51. Kg2 Rg5+ 52. Qxg5+ Kxg5 53. Kf3 Kf5 54. b4 a6 55. Ke3 Ke6 56. Ke4 Kd6 57. d5 a5 1/2-1/2

[Event "Tampere We TammerSh"]
[Site "Tampere"]
[Date "2006.??.??"]
[Round "1"]
[White "Tolonen, Leo Toivovich"]
[Black "Savola, Laura"]
[Result "1-0"]
[WhiteElo "2339"]
[BlackElo "1940"]
[PlyCount "65"]
[EventDate "2006.??.??"]
[EventType "swiss"]
[EventRounds "5"]
[EventCountry "FIN"]
[SourceTitle "EXT 2007"]
[Source "ChessBase"]
[SourceDate "2006.11.23"]
[SourceVersion "1"]
[SourceVersionDate "2006.11.23"]
[SourceQuality "1"]

1. Nf3 Nf6 2. b3 e6 3. Bb2 d5 4. e3 Be7 5. d4 c5 6. Nbd2 Nc6 7. a3 0-0 8. Bd3 b6 9. 0-0 Bb7 10. Ne5 cxd4 11. exd4 Nxe5 12. dxe5 Nd7 13. b4 a5 14. b5 Nc5 15. Nf3 Qc7 16. Bd4 Rac8 17. c3 f5 18. exf6 Bxf6 19. Re1 Ne4 20. Bxe4 dxe4 21. Nd2 Bxd4 22. cxd4 Qf4 23. Re2 Rc3 24. Nf1 Rfc8 25. Ne3 Bd5 26. h3 Bc4 27. Rc2 Bb3 28. Rxc3 Rxc3 29. Qd2 Rd3 30. Qb2 Qf6 31. Rc1 Qxd4 32. Rc8+ Kf7 33. Qc1 1-0